Statistics for Suite Life on Deck Theme Song Lyrics!!!

Click here to take the quiz!

General Stats

  • This quiz has been taken 2,199 times
  • The average score is 11 of 12

Answer Stats

HintAnswer% Correct
We say, hey ho, Let's ____!Go
98%
Cause we're livin' the ______ life!Suite
97%
Oh ay oh! Ain't no stoppin' us _____!Now
95%
Cause we're livin' ___ suite life nowThe
95%
Hey ho! Oh ay oh! _____ go!Let's
94%
Whichever way the wind ______.Blows
91%
Oh ay oh! ______ boat's rockin'This
90%
Oh ay oh! This ______ rockin'Boat's
89%
Oh ay oh! Rockin' the ______ world nowWhole
89%
What this _______ has for you and for me nowWorld
86%
Come ______ with me,Along
77%
Let's ______ out to seeHead
75%

Score Distribution

Percentile by Number Answered

Percent of People with Each Score

Your Score History

You have not taken this quiz